[Event "AUTO-INT-2720"]
[Site "http://www.queenalice.com/game.php?id=1217159"]
[Date "2013.9.15"]
[Round "1"]
[White "lala"]
[Black "saturnin"]
[Result "1-0"]
[WhiteElo "1646"]
[BlackElo "1484"]

1. d4 d5 2. e3 g6 3. g3 e6 4. Bg2 Bg7 5. Ne2 Ne7 6. O-O b6 7. b4 O-O 8. b5 Bb7
9. a4 c6 10. bxc6 Nbxc6 11. Ba3 a5 12. c3 h5 13. Nf4 f5 14. Nxe6 Qd7 15. Nxf8
Kxf8 16. Qb3 Ke8 17. Nd2 Qc7 18. Bxd5 Rd8 19. Bf7+ Kf8 20. Bxg6 1-0

[Event "AUTO-INT-2720"]
[Site "http://www.queenalice.com/game.php?id=1217160"]
[Date "2013.9.15"]
[Round "1"]
[White "saturnin"]
[Black "lala"]
[Result "1-0"]
[WhiteElo "1460"]
[BlackElo "1651"]

1. b4 d5 2. c3 c6 3. g3 g6 4. Bb2 Bg7 5. Bg2 e6 6. e3 Ne7 7. Nf3 O-O 8. Qc2 b5
9. O-O a6 10. a3 Nd7 11. d4 Nf6 12. Nbd2 Nf5 13. h3 Qd6 14. Ne5 Ne4 15. Nxe4
dxe4 16. Bxe4 Bxe5 17. dxe5 Qxe5 18. Bxc6 Ra7 19. c4 Qd6 20. cxb5 axb5 21. Rfd1
Qc7 22. Be4 Qe7 23. g4 Nh4 24. Qc3 f6 25. g5 f5 26. Qh8+ Kf7 27. Qg7+ Ke8 28.
Qh6 fxe4 29. Qxh4 Rc7 30. Rd2 Bb7 31. Rad1 Kf7 32. Qxh7+ Ke8 33. Qxg6+ Qf7 34.
Rd8+ Ke7 35. Bf6+ 1-0

[Event "De novo?"]
[Site "http://www.queenalice.com/game.php?id=1218108"]
[Date "2013.9.19"]
[Round "-"]
[White "luizhenriq19"]
[Black "lala"]
[Result "1-0"]
[WhiteElo "2004"]
[BlackElo "1627"]

1. e4 e5 2. Nf3 d6 3. Bc4 b6 4. O-O Bb7 5. Nc3 Nd7 6. d3 Qe7 7. a4 O-O-O 8. a5
g5 9. a6 Bc6 10. b4 g4 11. Ng5 Ngf6 12. Nxf7 Bg7 13. Nxd8 Qxd8 14. Bg5 h5 15. b5
Bxb5 16. Bxb5 Nc5 17. Bc6 h4 18. Bxf6 Qxf6 19. Qxg4+ Kb8 20. Nd5 Qh6 21. h3 Rg8
22. Qf5 Qd2 23. Qf7 1-0

[Event "AUTO-INT-2729"]
[Site "http://www.queenalice.com/game.php?id=1220682"]
[Date "2013.9.28"]
[Round "1"]
[White "fortescxi"]
[Black "lala"]
[Result "1-0"]
[WhiteElo "1294"]
[BlackElo "1625"]

1. Nf3 d5 2. d4 e6 3. c4 dxc4 4. Nc3 g6 5. Bf4 Bg7 6. e3 Ne7 7. Bxc4 O-O 8. O-O
Nd7 9. Qc2 c5 10. Rad1 a6 11. a4 b5 12. axb5 Nf5 13. dxc5 a5 14. c6 Qb6 15. cxd7
Bxd7 16. Rxd7 1-0

[Event "AUTO-INT-2729"]
[Site "http://www.queenalice.com/game.php?id=1220683"]
[Date "2013.9.28"]
[Round "1"]
[White "lala"]
[Black "fortescxi"]
[Result "1-0"]
[WhiteElo "1714"]
[BlackElo "1340"]

1. d4 d5 2. e3 Nf6 3. Ne2 Bf5 4. g3 Nbd7 5. Bg2 e6 6. O-O c5 7. Nd2 Bd6 8. c4
O-O 9. cxd5 exd5 10. a4 Re8 11. a5 c4 12. Nc3 a6 13. Qf3 Be6 14. Na4 b5 15. axb6
Nxb6 16. Nxb6 Qxb6 17. Qe2 Bf5 18. Nf3 Bd3 19. Qd2 Bxf1 20. Bxf1 Ne4 21. Qc2 f5
22. Qa4 Qb5 23. Qc2 Rec8 24. b3 Qxb3 25. Qxb3 cxb3 26. Bh3 Rc2 27. Bxf5 1-0

[Event "AUTO-INT-2729"]
[Site "http://www.queenalice.com/game.php?id=1220696"]
[Date "2013.9.28"]
[Round "1"]
[White "lala"]
[Black "altair"]
[Result "0-1"]
[WhiteElo "1667"]
[BlackElo "1769"]

1. d4 d5 2. e3 a6 3. g3 Nc6 4. Bg2 Nf6 5. Ne2 g6 6. O-O Bg7 7. c3 O-O 8. b4 b5
9. a4 Bb7 10. a5 e5 11. Nd2 Bc8 12. Nf3 e4 13. Ne5 Nxe5 14. dxe5 Ng4 15. Nf4
Bxe5 16. Bh3 Bxf4 17. exf4 f5 18. Qb3 Be6 19. Be3 Re8 20. Bd4 Rc8 21. Bg2 Nf6
22. Bxf6 Qxf6 23. Rad1 c5 24. bxc5 Rxc5 25. c4 Rxc4 26. Qe3 d4 27. Qb3 Ra4 28.
Qc2 Qf7 29. Qc6 Bc8 30. f3 Rxa5 31. Rxd4 e3 32. Re1 Bb7 0-1

[Event "AUTO-INT-2729"]
[Site "http://www.queenalice.com/game.php?id=1220697"]
[Date "2013.9.28"]
[Round "1"]
[White "altair"]
[Black "lala"]
[Result "1-0"]
[WhiteElo "1708"]
[BlackElo "1716"]

1. e4 e5 2. Nf3 d6 3. h3 g6 4. Nc3 Bg7 5. Bc4 Ne7 6. b3 O-O 7. O-O a6 8. d4 b5
9. Bd3 exd4 10. Ne2 c5 11. Bb2 Nbc6 12. Nf4 b4 13. Bc4 Ne5 14. Nxe5 dxe5 15. Nd5
a5 16. Nxe7+ Qxe7 17. f4 exf4 18. Rxf4 Qg5 19. Qf3 Be5 20. h4 Qh6 21. Rxf7 Qxh4
22. Rxf8+ Kg7 23. Rg8+ Kh6 24. Bc1+ g5 25. Qf8+ Kh5 26. Be2+ Bg4 27. Qf7+ Kh6
28. Bxg5+ Qxg5 29. Rxg5 1-0

[Event "AUTO-INT-2729"]
[Site "http://www.queenalice.com/game.php?id=1220698"]
[Date "2013.9.28"]
[Round "1"]
[White "lala"]
[Black "SMB51"]
[Result "0-1"]
[WhiteElo "1662"]
[BlackElo "1752"]

1. d4 d5 2. e3 a6 3. g3 Nf6 4. Bg2 Bg4 5. Ne2 e6 6. O-O Bd6 7. c3 O-O 8. b4 Nc6
9. a4 Ne4 10. Bxe4 dxe4 11. Nd2 f5 12. a5 Qg5 13. Nc4 h5 14. d5 exd5 15. Qxd5+
Kh8 16. Nxd6 cxd6 17. Qxd6 Bxe2 18. Re1 Bf3 19. Ba3 Qg4 20. Bb2 Qh3 21. c4 Qg2#
0-1

[Event "AUTO-INT-2729"]
[Site "http://www.queenalice.com/game.php?id=1220699"]
[Date "2013.9.28"]
[Round "1"]
[White "SMB51"]
[Black "lala"]
[Result "1-0"]
[WhiteElo "1784"]
[BlackElo "1662"]

1. e4 e5 2. Nf3 d6 3. h3 b6 4. Nc3 Bb7 5. Bb5+ Nd7 6. d3 Qe7 7. Bg5 f6 8. Bh4
O-O-O 9. Nd5 g5 10. Nxe7+ Bxe7 11. Bg3 h5 12. h4 g4 13. Nh2 Nc5 14. f3 Nh6 15.
fxg4 hxg4 16. Nxg4 a6 17. Bc4 b5 18. Nxh6 Rxh6 19. Bf7 Rh7 20. Bg6 Rg7 21. h5 f5
22. Bxf5+ Kb8 23. Qf3 Rf8 24. h6 Rg5 25. h7 Bf6 26. O-O-O Bc8 27. Bh4 Rg7 28.
h8=Q Rxh8 29. Bxf6 Rhg8 30. Bxg7 Rxg7 31. Rh8 1-0

[Event "AUTO-INT-2720"]
[Site "http://www.queenalice.com/game.php?id=1253270"]
[Date "2014.2.2"]
[Round "2"]
[White "tche_elvio"]
[Black "lala"]
[Result "1/2-1/2"]
[WhiteElo "1519"]
[BlackElo "1605"]

1. d4 d5 2. c4 c6 3. Nc3 e6 4. g3 g6 5. Bg2 Bg7 6. Nf3 Ne7 7. O-O O-O 8. e4 a5
9. exd5 cxd5 10. c5 Nd7 11. Nb5 Nf5 12. Nd6 Nxd6 13. cxd6 b5 14. Ne5 Bxe5 15.
dxe5 Nxe5 16. b3 Qxd6 17. Bf4 b4 18. Bxe5 Qxe5 19. Re1 Qf5 20. Qe2 Ba6 21. Qf3
Qc2 22. Bf1 Bb7 23. Qe2 Qc6 24. Bg2 f5 25. Rac1 Qe8 26. Qxe6+ Qxe6 27. Rxe6 Bc8
28. Rd6 Ra7 29. Bxd5+ Kh8 30. f4 Re7 31. Bc4 Bb7 32. Rcd1 Rfe8 33. Rd8 Bc6 34.
Rxe8+ Rxe8 35. h4 1/2-1/2

[Event "AUTO-INT-2720"]
[Site "http://www.queenalice.com/game.php?id=1253271"]
[Date "2014.2.2"]
[Round "2"]
[White "lala"]
[Black "tche_elvio"]
[Result "0-1"]
[WhiteElo "1588"]
[BlackElo "1493"]

1. d4 g6 2. e3 Bg7 3. g3 Nf6 4. Bg2 d5 5. Ne2 O-O 6. O-O c6 7. b4 Nbd7 8. a4 e5
9. c3 exd4 10. cxd4 Ne4 11. Bxe4 dxe4 12. Nd2 Nf6 13. Ba3 Re8 14. Nf4 Bg4 15.
Qc2 Bf5 16. a5 a6 17. Nc4 Nd5 18. b5 cxb5 19. Nd6 Re7 20. Nxd5 Rd7 21. Nb6 Qc7
22. Qb3 Be6 23. Qb2 Bh3 24. Rfc1 Rad8 25. Rxc7 Rxc7 26. Nd5 Rcd7 27. Nf4 Be6 28.
Qc2 Bf8 29. Nxe4 Bf5 30. Bb2 h5 31. d5 Bxe4 32. Qxe4 Bg7 33. Bxg7 Kxg7 34. d6
Rxd6 35. Qxb7 R8d7 36. Qc8 Rd1+ 37. Kg2 R7d6 38. Qc3+ Kh7 39. Ra2 Rd8 40. Qb3
R8d7 0-1

[Event "AUTO-INT-2720"]
[Site "http://www.queenalice.com/game.php?id=1253274"]
[Date "2014.2.2"]
[Round "2"]
[White "lala"]
[Black "tango2011"]
[Result "0-1"]
[WhiteElo "1620"]
[BlackElo "1636"]

1. d4 d5 2. e3 e6 3. c3 Be7 4. Ne2 Nf6 5. g3 O-O 6. Bg2 b6 7. O-O Nbd7 8. b4 Ba6
9. a4 Bb7 10. Nd2 c6 11. Nf4 Ba6 12. Re1 c5 13. b5 Bb7 14. Qc2 Rc8 15. Nf3 c4
16. Ng5 g6 17. Bf3 Ne8 18. Nxh7 Kxh7 19. Bh5 Rg8 20. h4 f5 21. Nxe6 gxh5 22.
Qxf5+ Rg6 23. Nxd8 Rxd8 24. Qf7+ Rg7 25. Qxh5+ Kg8 26. e4 dxe4 27. Bh6 Ndf6 28.
Qg5 Rxg5 29. Bxg5 Kf7 0-1

[Event "AUTO-INT-2720"]
[Site "http://www.queenalice.com/game.php?id=1253275"]
[Date "2014.2.2"]
[Round "2"]
[White "tango2011"]
[Black "lala"]
[Result "1-0"]
[WhiteElo "1651"]
[BlackElo "1602"]

1. d4 d5 2. e3 e6 3. Nf3 g6 4. Ne5 Nf6 5. Bb5+ c6 6. Bd3 Bg7 7. O-O O-O 8. Nc3
b5 9. b3 b4 10. Na4 a5 11. Qd2 Nh5 12. Nf3 Nd7 13. c4 bxc3 14. Qxc3 Bb7 15. Bd2
Ndf6 16. Ne5 Rb8 17. Qxa5 Qe7 18. Bb4 Qe8 19. Bxf8 Bxf8 20. Rac1 Ra8 21. Qb6 Ba3
22. Rc2 Rb8 23. Nxc6 Bxc6 24. Qxc6 Qd8 25. Nc3 Bb4 26. Nb5 Rc8 27. Qxc8 Qxc8 28.
Rxc8+ Bf8 29. a4 Kg7 30. a5 Nd7 31. a6 Nb6 32. Rd8 Nf6 33. a7 Ng4 34. Nc7 Be7
35. a8=Q Nxa8 36. Rxa8 1-0

[Event "FemaleTournament"]
[Site "http://www.queenalice.com/game.php?id=1264301"]
[Date "2014.3.12"]
[Round "1"]
[White "Bennedyttas"]
[Black "lala"]
[Result "1-0"]
[WhiteElo "1571"]
[BlackElo "1568"]

1. d4 d5 2. c4 c6 3. Nc3 dxc4 4. a4 g6 5. e4 Bg7 6. Nf3 Nf6 7. Ne5 O-O 8. Bxc4
Bg4 9. Qd2 Nh5 10. Nxg4 Bxd4 11. O-O Qb6 12. Nb5 1-0